Mao's China 1949-76 Theme 2 Statistics - Statistics

General Stats
  • This quiz has been taken 0 times
  • The average score is 0 of 78
Answer Stats
Question Answer % Correct
Inflation rate (1949) 1000%
0%
Soviet expert help (FFYP) 10,000 civilian technicians came
0%
Water conservancy campaign 100 million peasants involved
0%
Industrial growth - Third Five Year Plan consequence 11% annually
0%
Households in communes 120 million
0%
Inflation rate (1951) 15%
0%
Soviet construction help (FFYP) 156 major industrial enterprises
0%
APC system (1956) 17 million households in APCs in July 1955 to 75 million by Jan 1956
0%
Steel production (1952-57) 1952: 1.3 million tonnes
0%
Grain production (1952-61) - GLF consequence 1952: 163 million tonnes
0%
Meat production (1952-61) - GLF consequence 1952: 3.4 million tonnes
0%
Urban population (1949-57) 1952: 57 million
0%
Electrical power (1952-57) 1952: 7.2 million kWh
0%
1957: 100 million
0%
Coal production (GLF) 1957: 131 million
0%
State procurement of grain (1957-59) 1957: 17%
0%
1957: 19.3 million kWh
0%
1957: 5.2 million tonnes
0%
Education (FFYP) 1957: less than 1/2 children under 16 in full-time education
0%
1958: 200 million tonnes
0%
1958: 4.3 million tonnes
0%
1959: 28%
0%
1959: 290 million
0%
1960: 147 million tonnes
0%
Grain production - Third Five Year Plan consequence 1960: 147 million tonnes
0%
1961: 1.2 million tonnes
0%
1964: 200 million
0%
1965: 200 million tonnes
0%
The Great Famine deaths 20-50 million
0%
24 electrical power stations
0%
Third Five Year Plan - urban population 25 million urban population forced to move to countryside
0%
Tibet deaths in Great Famine 25% of population wiped out
0%
2 million died from drowning or starvation from destroyed crops
0%
63 machinery plants
0%
How many party members were peasants? (1950s) 70%
0%
How many cadres at conference in Jan 1962? 7000
0%
Communes 750,000 collectives merged into 26,000 communes
0%
Shandong deaths in Great Famine 7.5 million
0%
Han Chinese Migration to Tibet 7 million forced to migrate
0%
Drought during Great Famine 8/12 main rivers in Shaunhdong dried up
0%
Land Reform participation (1950-51) 88% households had taken part
0%
Anhui deaths in Great Famine 8 million
0%
Women working in communes 90% women laboured in agriculture between 1958-59
0%
APC involvement 96% peasant farmers in APC by Dec 1956
0%
Henan, Hubei, Gansu, Sichuan deaths in Great Famine 9 million
0%
Backyard furnaces campaign involvement At its peak, reckoned that 25% of population had abandoned normal actives to take part in
0%
Anshan steel centre (FFYP) Attracted 35,000 workers
0%
MAT system (1952) By 1952, around 40% of all peasant households belonged to a MAT
0%
By 1957, was producing 2/3 China's steel
0%
Rural death rate - great famine By 1960, 28.68 people per 1000 inhabitants ( 11.07 before)
0%
Industrial production (GLF) By 1962, industrial production had declined by 40% of 1958 level
0%
Land Reform (1950-51) By end of 1951, 10 million landlords had lost land
0%
By end of 1951, 40% of land had been redistributed to 60% of population
0%
Higher liver APC system (1956) By end of 1956, 88% peasants in higher level APC
0%
backyard furnaces campaign production By Sep 1958, 14% steel came from local furnaces and by Oct 49%
0%
Maos swim in Yangtze (July 1966) Claimed he swam 9 millions in 65 minutes
0%
Consumer goods production (TFYP) Consumer good production was double 1957 level
0%
Industrial output (FFYP) Grew 18% per annum
0%
Agricultural output (FFYP) Grew by only 2.1% per year
0%
Industrial working class (FFYP) Grew from 6 to 10 million
0%
Heavy industry: 17% annual growth
0%
In 1953 and 1954 production only risen by less then 2%
0%
Agricultural production (1950-52) - land reform Increased by 15% per annum
0%
Consequence of collectivisation - food production Increased by 3.8% per annum
0%
Industrial production (Third Five Year Plan) Light industry: 27% annual growth
0%
Commune success - harvest Mao declared 430 million tonnes of grain harvested
0%
Sputnik (Henan province commune) Merged 27 collectives bring 9000 households under its control
0%
Land reform deaths Official figures at 700,000 but could have been as high as 3 million
0%
Before Land Reform (1949) Only 10-15% farmers rented their land
0%
APC system (1955) Only 14% rural households in APCs by March 1955
0%
Weather conditions during the Great Famine Over 60% cultivated land affected by flood or drought
0%
Steel target for 1958 Raised to 10.7 million tonnes in September
0%
Revised to 375 million before being made public (real figure probably 200 million)
0%
Consequences of collectivisation - grain production Rose only 1% in 1957
0%
Chinese technicians helped (FFYP) Russia invited 28,000 Chinese technicians to study in Russia
0%
Soviet monetary help (FFYP) Russian agreed to lend China $300 million
0%
Grain procurement (1953) State planned to procure 22 million tonnes of grain in 1953
0%
Grain production (1953/54) The FFYP assumed 23% increase in agricultural production
0%
No matching quizzes found
Score Distribution
Percent of People with Each Score
Percentile by Number Answered
Your Score History
You have not taken this quiz